Rethorica novissima /

Saved in:
Bibliografiske detaljer
Hovedforfatter: Alvino, Gualberto (Author)
Andre forfattere: Muzzioli, Francesco (Author of introduction, etc.)
Format: Bog
Sprog:italiensk
Udgivet: Roma : Il ramo e la foglia, 2021
Serier:Poesia ; 2
Tags: Tilføj Tag
Ingen Tags, Vær først til at tagge denne postø!

MARC

LEADER 00000nam a22000007i 4500
001 IT\ICCU\LO1\1852161
003 ItRI
005 20251118190654.0
008 220316s2021 it |||||| ||||| |||||c
020 |a 9791280223067 
040 |b ita  |c Arcigay Viterbo 
041 7 |a ita  |2 ISO-639-2 
100 1 |a Alvino, Gualberto  |0 IT\ICCU\TSAV\008752  |4 aut 
240 1 0 |a Rethorica novissima  |9 Alvino, Gualberto 
245 1 0 |a Rethorica novissima /  |c Gualberto Alvino ; prefazione di Francesco Muzzioli. 
260 |a Roma :  |b Il ramo e la foglia,  |c 2021 
300 |a 92 p. ;  |c 20 cm 
700 1 |a Muzzioli, Francesco  |0 IT\ICCU\CFIV\007571  |4 aui 
830 0 |a Poesia ;  |v 2  |0 IT\ICCU\LO1\1818058 
942 |2 ddc  |c BK  |n 0 
952 |0 0  |1 0  |2 ddc  |4 0  |6 851_900000000000000_ALV_RET  |7 0  |9 9946  |a VT  |b VT  |d 2025-11-18  |e Dono della Biblioteca Consorziale di Viterbo  |i B461  |l 0  |o 851.9 ALV RET  |p B461  |r 2025-11-18 19:08:12  |w 2025-11-18  |y BK  |z Dono della Biblioteca Consorziale di Viterbo 
981 1 |6 z01  |a i   |b xxxe  
982 1 |6 z01  |a n 
999 |c 8292  |d 8292